Normal view
MARC view
- EVETT,JACK LIU CHEN
Entry Personal Name
001 - CONTROL NUMBER
- control field: 91132
003 - CONTROL NUMBER IDENTIFIER
- control field: NUST
005 - DATE AND TIME OF LATEST TRANSACTION
- control field: 20220420145113.0
008 - FIXED-LENGTH DATA ELEMENTS
- fixed length control field: 220420|| aca||aabn | a|a d
040 ## - CATALOGING SOURCE
- Original cataloging agency: NUST
- Transcribing agency: NUST
100 ## - HEADING--PERSONAL NAME
- Personal name: EVETT,JACK LIU CHEN
670 ## - SOURCE DATA FOUND
- Source citation: Work cat.: (NUST): EVETT,JACK LIU CHEN., SOILS AND FOUNDATION /, 2014.
